South America by Coastline Length Quiz Stats

 Plays Quiz Updated Sep 21, 2020

Support Sporcle.
Go Orange.
Score 0/10 Timer 02:00
0 Plays Today
Coastline Length Country % Correct
4,989???
87.7%
2,414???
75.4%
6,435???
70.8%
386???
70.1%
7,491???
69.2%
2,237???
57.8%
660???
44.9%
459???
44.1%
2,800???
35.6%
3,208???
31.5%

From the Vault

Rhymes with 'ASK'

by 12bball

Language 60s
Task of the day: If you don't know, just ask.
Remove Ads.
Support Sporcle.
Get the best of Sporcle when you Go Orange. This ad-free experience offers more features, more stats, and more fun while also helping to support Sporcle. Thank you for becoming a member.

Show Comments

Extras

Top Quizzes Today


Score Distribution

Your Account Isn't Verified!

In order to create a playlist on Sporcle, you need to verify the email address you used during registration. Go to your Sporcle Settings to finish the process.

Report this User

Report this user for behavior that violates our Community Guidelines.

Details: